LEADER 01234nam0 22003011i 450 001 UON00190194 005 20231205103211.306 010 $a02-265-5852-5 100 $a20030730d1985 |0itac50 ba 101 $aeng 102 $aUS 105 $a|||| 1|||| 200 1 $aˆA ‰critique of modern textual criticism$fJerome J. McGann 210 $aChicago & London$cThe University of Chicago Press$d1985 215 $aix, 146 p.$d21 cm. 410 1$1001UON00272606$12001 $aLiterary Criticism$1210 $aChicago and London$cThe University of Chicago Press 606 $aCritica del testo$3UONC026008$2FI 620 $aUS$dChicago, Ill.$3UONL000120 620 $aGB$dLondon$3UONL003044 676 $a801.959$cCritica testuale (Ecdotica)$v21 700 1$aMcGANN$bJerome John$3UONV111342$0156716 712 $aThe University of Chicago Press$3UONV246827$4650 801 $aIT$bSOL$c20250606$gRICA 899 $aSIBA - SISTEMA BIBLIOTECARIO DI ATENEO$2UONSI 912 $aUON00190194 950 $aSIBA - SISTEMA BIBLIOTECARIO DI ATENEO$dSI Angl VII 0014 $eSI LO 31581 5 0014 996 $aCritique of modern textual criticism$91295171 997 $aUNIOR